Ďalšie zmeny v zdaňovaní príjmov v SR od 1. januára 2016

Zmeny, ktoré do zákona o dani z príjmov zaviedla pätica zákonov, pričom dopad týchto noviel sa prejaví až pri zdaňovaní príjmov zahrnutých do daňových prizaní za zdaňovacie obdobia, ktoré začali najsôr 1. januára 2016.

Guardado en:
Detalles Bibliográficos
Autor principal: Vašeková, Miroslava, 1978-
Otros Autores: Mateášová, Martina, 1979-
Formato: Capítulo de libro
Lenguaje:eslovaco
Materias:
Etiquetas: Agregar Etiqueta
Sin Etiquetas, Sea el primero en etiquetar este registro!

MARC

LEADER 00000naa a2200000 4500
001 0217342
005 20240502073619.5
041 0 |a slo 
044 |a SK 
245 1 0 |a Ďalšie zmeny v zdaňovaní príjmov v SR od 1. januára 2016  |c Miroslava Vašeková, Martina Mateášová 
520 |a Zmeny, ktoré do zákona o dani z príjmov zaviedla pätica zákonov, pričom dopad týchto noviel sa prejaví až pri zdaňovaní príjmov zahrnutých do daňových prizaní za zdaňovacie obdobia, ktoré začali najsôr 1. januára 2016. 
610 2 0 |a Slovensko 
610 2 0 |a zákony 
610 2 0 |a novelizácia 
610 2 0 |a dane z príjmov 
100 1 |a Vašeková, Miroslava, 1978- 
700 1 |a Mateášová, Martina, 1979-